Glosario de economía industrial y derecho de la competencia
Αποθηκεύτηκε σε:
| Συλλογικό Έργο: | , |
|---|---|
| Μορφή: | Βιβλίο |
| Γλώσσα: | Ισπανικά |
| Έκδοση: |
París
OCDE
1994
|
| Θέματα: | |
| Ετικέτες: |
Προσθήκη ετικέτας
Δεν υπάρχουν, Καταχωρήστε ετικέτα πρώτοι!
|
MARC
| LEADER | 00000nam a2200000 a 4500 | ||
|---|---|---|---|
| 001 | UCI6936 | ||
| 003 | CL-VaPUC | ||
| 008 | 080530e19940000FR |||||||||||||||||spa|d | ||
| 020 | |a 9264437932 | ||
| 082 | 0 | 4 | |a 330.03 |b OCD |2 21 |
| 110 | 2 | |a OCDE |e author |9 530003 | |
| 710 | 2 | |a Organización de Cooperación y Desarrollo Económicos |e author |9 530004 | |
| 245 | 1 | 0 | |a Glosario de economía industrial y derecho de la competencia |
| 300 | |a 96 p | ||
| 942 | |c BK | ||
| 945 | |d 20080530 00:00:00 |a jtorresc | ||
| 260 | |a París |b OCDE |c 1994 | ||
| 650 | 0 | |a Economía |9 255568 | |
| 650 | 0 | |a Glosarios |9 261047 | |
| 650 | 0 | |a Competencia económica |9 256096 | |
| 583 | |a last modification |c 20080530 00:00:00 |k Rodrigo Vera | ||
| 999 | |c 330369 |d 330367 | ||
| 952 | |0 0 |1 0 |4 0 |6 330_030000000000000_OCD_1994 |7 0 |8 A |9 415871 |a BIBGIM |b BIBGIM |d 2019-11-22 |i 4444329 |o 330.03 OCD 1994 |p 4444329 |r 2025-01-15 |w 2019-11-22 |y BK |k OCD | ||